| 000 | 00685cam a2200217 i 4500 | ||
|---|---|---|---|
| 999 |
_c128753 _d128753 |
||
| 001 | 309360 | ||
| 003 | ARRUPE | ||
| 005 | 20190109121700.0 | ||
| 008 | 760331s1967 nyuaf b 001 0 eng | ||
| 010 | _a 73092828 | ||
| 020 |
_a0883652099 : _c$8.95 |
||
| 040 |
_aDLC _cDLC _dDLC |
||
| 050 | 1 | 0 |
_aSPC. CC100 _b.D27 1967 |
| 082 | 0 | 0 | _a930/.1 |
| 100 | 1 |
_aDaniel, Glyn, _d1914-1986. _943915 |
|
| 245 | 1 | 4 |
_aThe origins and growth of archaeology / _cGlyn Daniel. |
| 260 |
_aMiddlesex: _bPenguin Books, _cc1967. |
||
| 300 |
_a303p. ; _c18 cm. |
||
| 504 | _aIncludes bibliographies and index. | ||
| 650 | 0 |
_aArchaeology _xHistory. _936192 |
|
| 906 |
_a7 _bcbc _corignew _d2 _eopcn _f19 _gy-gencatlg |
||
| 942 |
_2lcc _cSPC |
||